000 01114nam a22002297a 4500
999 _c9835
_d9835
005 20251125232824.0
008 s2527 th tha d
040 _aNALT
041 _atha
050 _aJQ1745.A5 ก675ป 2527
100 0 _aกิตติศักดิ์ ศรีอำไพ
245 1 0 _aประชาธิปไตยสมัย พล.ต.อ.เผ่า ศรียานนท์ : ยุคอัศวินผยองทมิฬครองเมือง
260 3 _aกรุงเทพฯ :
_bสำนักงานประกาศิตทนายความ,
_c2527
300 _a98 หน้า :
_b ภาพประกอบ ;
_c 21 ซม.
650 0 4 _aพระพิมลธรรม (อาจ อาสโภ)
650 0 4 _aเผ่า ศรียานนท์
650 0 4 _aไทย -- การเมืองและการปกครอง -- กรุงรัตนโกสินทร์, 2490--2499
850 _aNALT
856 4 0 _uhttps://hdl.handle.net/20.500.14156/473902
_71
942 _cGB
_2lcc